[Event "Olympiad-33"]
[Site "Elista"]
[Date "1998.10.09"]
[Round "10.3"]
[White "Sutovsky, Emil"]
[Black "Piket, Jeroen"]
[Result "0-1"]
[WhiteElo "2575"]
[BlackElo "2605"]
[Annotator "Tsesarsky,I"]
[PlyCount "104"]
[EventDate "1998.09.29"]
[EventType "team-swiss"]
[EventRounds "13"]
[EventCountry "RUS"]
[SourceTitle "CBM 068"]
[Source "ChessBase"]
[SourceDate "1999.02.01"]
[SourceVersion "1"]
[SourceVersionDate "1999.02.01"]
[SourceQuality "1"]
[WhiteTeam "Israel"]
[BlackTeam "Netherlands"]
[WhiteTeamCountry "ISR"]
[BlackTeamCountry "NED"]

{[%mdl 24640]} 1. e4 e5 2. Nf3 Nc6 3. Nc3 Nf6 4. Bb5 Nd4 5. O-O Nxb5 6. Nxb5 c6
7. Nc3 d6 8. d4 Qc7 9. Bg5 (9. Be3 Be7 10. dxe5 dxe5 11. Qd3 O-O 12. h3 (12.
Qc4 Be6 13. Qe2 b5 $15 {0-1 Rohe,C-Nuber,R/cr QTV-22 Dortmund-Neu Ulm [1] 1991
(25)}) 12... h6 13. Rfd1 Be6 14. a3 $11 {0-1 Techno Chess-Kallisto/15th WMCCC,
Paris FRA 1997 (75)}) (9. a4 Be7 10. h3 O-O (10... a5 11. Be3 O-O 12. Re1 Re8
13. Qd3 $11 {1-0 Shabanov,Y-Kirusha,A/White Nights Open, St Petersburg RUS
1998 (42)}) 11. b3 (11. Re1 Re8 12. Be3 Bf8 13. a5 g6 14. Qd2 $11 {1-0
Shabanov,Y-Igudesman,K/Czech Open, Pardubice CZE 1998 (33)}) 11... Re8 12. Re1
b6 13. Bg5 a6 14. d5 c5 15. Nh4 g6 16. Qd2 Nh5 $11 {1/2-1/2 Timman,J-Benko,P/
Venice 1974 (22)}) (9. Qe2 Be7 10. Be3 O-O 11. h3 b5 12. Bg5 h6 13. Bh4 Nh5 14.
Bxe7 Nf4 15. Qe3 Qxe7 16. Ne2 $11 {1/2-1/2 Cortlever,N-Kramer,G/Beverwijk 1946
(21)}) (9. Ne1 Be7 10. Kh1 b5 11. a3 Bb7 12. f4 exd4 13. Qxd4 c5 14. Qd3 (14.
Nxb5 Qd7 15. Qc4 Bxe4 16. Nc3 d5 17. Qe2 O-O $15) 14... a6 15. Nf3 $11 {
1/2-1/2 Euwe,M-Bogoljubov,E/NED 1928 (21)}) (9. Qd3 Be7 10. Ne2 O-O 11. c3 Bg4
12. Ng3 Rad8 13. h3 Bxf3 14. Qxf3 $11 {1-0 Preiswerk,W-Vordank,K/Berlin CL
1920 (21)}) (9. h3 Be7 10. Be3 (10. Re1 O-O 11. Bg5 Ne8 12. Be3 Be6 13. a4 b6
14. Qd3 f5 15. dxe5 fxe4 16. Qxe4 d5 17. Qd3 $16 Rxf3 18. gxf3 Qxe5 19. f4 $18
(19. Bd2 Qf6 20. Qe2 Qg6+ 21. Kh2 Bd6+ 22. f4 Bf5 $14 {0-1 Hay,T-Guy,W/
Adelaide ,EXT 1990 (28)})) (10. Qd3 O-O 11. Ne2 d5 12. Nxe5 Nxe4 $11 {1-0
Pavlov Pianov,N-Tselikov,N/Moscow URS ch(1) 1920 (45)}) 10... h6 11. a4 g5 12.
Nh2 Rg8 13. Ng4 h5 14. Nxf6+ Bxf6 15. dxe5 dxe5 16. f3 (16. Qxh5 g4 17. hxg4
Bxg4 18. Qh6 Qe7 19. Bc5 Qe6 20. f3 Bh3 21. Rf2 b6 22. Ba3 O-O-O $132) 16... g4
17. fxg4 Bh4 18. g5 Bxg5 19. Bxg5 Rxg5 20. Qf3 Qe7 21. Kh2 $11 {1-0 Landtman,
M-Okkes,M/NED tt 1995 (45)}) 9... Be7 10. h3 (10. Qd3 O-O 11. Rfd1 (11. Rad1
Bg4 12. Rd2 Rad8 13. Ne1 h6 14. Bh4 Nh5 15. Bxe7 Qxe7 16. h3 Nf4 17. Qg3 Bc8
18. Nf3 $11 {1-0 Marchand,M-Cole,H/Hastings 1919 (52)}) 11... Rd8 12. Bxf6 Bxf6
13. d5 c5 14. Nd2 Bd7 15. a4 a6 16. a5 Rf8 17. Nc4 Rad8 18. Nb6 g6 19. Ne2 Bg7
20. Ra3 f5 $11 {1-0 Bondarevsky,I-Zagoriansky,E/Moscow-ch ,HCL 1945 (55)})
10... h6 (10... O-O 11. Qd2 b5 12. a3 a6 13. Rfd1 Re8 14. Qe3 exd4 15. Nxd4 c5
16. Bxf6 Bxf6 17. Nd5 cxd4 18. Nxc7 dxe3 19. Nxe8 Bxb2 20. Rab1 exf2+ 21. Kxf2
Bxa3 22. Nxd6 Be6 $44 {1/2-1/2 Sutovsky,E-Zhang Zhong/Elista RUS 1998 (38)})
11. Bh4 g5 $5 (11... O-O 12. Bg3 Nd7 13. Qd2 Kh7 14. Rad1 Re8 15. Kh1 Bf8 16.
Nh4 Nf6 17. Bh2 b5 18. Qd3 b4 19. Ne2 Qb6 20. dxe5 dxe5 $132 {0-1
Goldschmidt-Quast/Eger Agria91 open 1991 (31)}) 12. dxe5 $1 gxh4 (12... dxe5
13. Bg3 Nd7 (13... Bd6 14. Qd3 Be6 15. Nd4 $2 (15. Rfd1 O-O-O 16. Qe3 b6 (16...
Kb8 17. Rxd6 $18) 17. Rxd6 Qxd6 18. Nxe5 $16 Qd2 19. Nxc6 Qxe3 20. fxe3 Rd7 (
20... Nh5 21. Be5 f6 22. Nxd8 Rxd8 23. Bd4 $18) 21. Be5 $18) 15... exd4 16.
Qxd4 Bxg3 17. fxg3 Qxg3 18. Rf3 Qc7 19. Qxf6 Rg8 20. Raf1 Rd8 21. Qxh6 Qb6+ 22.
Kh1 Qxb2 23. Rb1 Qxc2 24. Rxb7 Rd7 25. Rb8+ Rd8 $132) 14. Nd4 Qb6 15. Nb3 Qc7
16. a4 $16) 13. exf6 Bxf6 14. Re1 Rg8 (14... Be6 15. Nd4 (15. e5 dxe5 16. Qe2
O-O-O 17. Nxe5 Rhg8 18. Kh1 Bxe5 19. Qxe5 Qxe5 20. Rxe5 Rd2 21. Re2 Rxe2 22.
Nxe2 Rd8 $17) 15... O-O-O 16. Qd2 (16. Nxe6 fxe6 17. Qg4 Qf7 18. Rad1 Rhg8 $17)
16... Qb6 $132) 15. Kh1 Rg6 $2 $16 (15... Be6 $1 16. Nd4 (16. Qd2 O-O-O (16...
Rg6 17. Rad1 (17. Qe3 Qa5 18. Rad1 O-O-O $132 19. e5 dxe5 20. Rxd8+ Bxd8 21.
Nxe5 Rf6 $132 (21... Bb6 22. Qf3 Bd5 23. Qf5+ Be6 24. Qf3 Bd5 $11)) 17... O-O-O
) 17. Qxh6 $16) 16... O-O-O 17. Qd2 (17. Nxe6 fxe6 18. Qf3 Rdf8 $17) 17... Rg6
18. Rad1 Rdg8 19. Rg1 Qb6 $132) 16. e5 $1 Be7 (16... dxe5 17. Qd4 (17. Ne4 Be7
$132) (17. Nxe5 Bxe5 18. f4 (18. Qh5 Re6 $19) 18... Be6 19. Rxe5 Rd8 20. Qe1
Kf8 21. Qxh4 Rd2 22. Re2 $16) 17... Be6 18. Nxe5 Rg8 19. f4 $14) (16... Bxe5
17. Nxe5 dxe5 18. Qh5 Be6 19. Rad1 Rd8 20. Rxd8+ Kxd8 21. Rxe5 Kc8 22. b3 $1 (
22. Re4 Qb6 $132) 22... Qd6 23. Ne4 Qd4 (23... Qa3 24. Qxh4 Qxa2 25. Nd6+ Kd7
26. Nxf7 $1 $16) 24. c3 Qd3 25. Kh2 Qf1 26. Qf3 $16) 17. Nxh4 $1 Re6 $8 18.
exd6 Rxe1+ (18... Rxd6 19. Qf3 Be6 20. Nf5 $18) 19. Qxe1 Qxd6 20. Qe4 $6 $14 (
20. Nf3 Bf5 21. Rd1 $16) (20. Rd1 Qf4 (20... Qb4 21. Nf3 Qxb2 22. Nd4 Qa3 (
22... Qb4 23. Qe3 Bd7 (23... Qc5 24. Ne4 Qe5 25. f4 Qc7 26. f5 $18) 24. Rb1 $16
) 23. Ne4 (23. Qe3 Bd7 24. Rd3 Qa5 25. Qxh6 O-O-O 26. Qf4 $16) 23... Kf8 24.
Qd2 Kg7 25. Qf4 $16) 21. Nf3 Be6 22. Nd4 $16) 20... Qf6 21. Re1 Be6 $8 22. Nf3
(22. Ng6 fxg6 (22... Bd6 23. Ne5 O-O-O 24. Nd3 $16) 23. Qxe6 Qxe6 24. Rxe6 Kf7
25. Re2 Rd8 $14) 22... O-O-O 23. Qe3 Bb4 $6 (23... Kb8 $14) 24. Ne5 (24. a3 $2
Bxc3 25. Qxc3 Qxc3 26. bxc3 $14) 24... Qg5 $2 $16 (24... Kb8 25. a3 Bd6 26. Rd1
Bc7 27. Rxd8+ Qxd8 $14) 25. f4 (25. Qxa7 $1 Rg8 26. g3 Bxh3 27. Qd4 Bxc3 28.
Qxc3 Be6 29. Kg1 $16) 25... Qh4 26. Rf1 (26. Nf3 Qh5 27. a3 Bc5 28. Qe5 Qxe5
29. Nxe5 Rd2 30. Re2 Rxe2 31. Nxe2 $14) 26... Bxc3 $6 (26... Kb8 27. f5 Bxc3
28. bxc3 {This game}) (26... Qh5 27. f5 (27. a3 Bxc3 28. Qxc3 Bd5 29. Qg3 Be4
30. Rf2 $14) 27... Bxf5 28. g4 Be4+ 29. Nxe4 Qxe5 30. c3 Bc5 31. Qf4 $14) 27.
bxc3 Kb8 $4 $18 (27... Rg8 $14) 28. f5 Bxa2 (28... Bd5 29. c4 $18) 29. c4 $4
$132 (29. Ra1 Qa4 30. Nxf7 Rg8 31. Nxh6 $18) 29... Qd4 30. Qg3 Kc8 $1 (30...
Ka8 31. Nxf7 Qxc4 32. Nxd8 Qxf1+ 33. Kh2 $16) 31. c3 (31. Re1 Bxc4 32. c3 (32.
Nxc4 Qxc4 33. Re7 Rd7 34. Re8+ Rd8 35. Rxd8+ Kxd8 36. Qb8+ Ke7 37. Qxb7+ Kf6
38. Qxa7 Qxc2 39. g4 $11) 32... Qd6 33. Qe3 Bd5 34. Qxa7 Rg8 35. Qa8+ Qb8 36.
Qxb8+ Kxb8 $132) 31... Qe4 $4 $18 (31... Qc5 32. Ra1 (32. f6 $2 Bxc4 $17) (32.
Re1 Bxc4 33. Nxc4 Qxc4 34. Re7 Rd7 35. Re8+ Rd8 36. Rxd8+ Kxd8 37. Qb8+ Ke7 38.
Qxb7+ Kf6 $11) 32... Bxc4 33. Nxc4 Qxc4 34. Rxa7 Qf1+ 35. Kh2 Qxf5 36. Ra8+ Kd7
37. Rxd8+ Kxd8 38. Qb8+ Qc8 39. Qd6+ Qd7 40. Qxh6 $11) 32. Ra1 $4 $15 (32. f6
$1 Rd2 (32... Bxc4 33. Re1 $18) 33. Nxf7 Qxc4 34. Re1 Qxf7 35. Re7 $18) 32...
Qxf5 33. Kh2 $6 $17 (33. Qe3 $1 $15) 33... Rd2 34. Nf3 (34. Qg8+ Kc7 35. Qxf7+
Qxf7 36. Nxf7 Bxc4 37. Nxh6 Bd5 $17) 34... Rb2 35. Rd1 Qg6 36. Rd6 $2 $19 (36.
Qxg6 fxg6 37. Rd6 Bxc4 38. Rxg6 h5 39. Rg5 Rb5 40. Ne5 Be2 $17) 36... Qxg3+ 37.
Kxg3 Bxc4 38. Rxh6 a5 39. Rh8+ Kc7 40. h4 Bf1 41. h5 Rxg2+ 42. Kf4 Be2 43. Nd4
a4 44. h6 Bd3 45. Nf3 a3 46. Ra8 a2 47. Ne1 Ba6 48. Nxg2 a1=Q 49. h7 Qf1+ 50.
Ke5 Qe2+ 51. Kf4 Qf2+ 52. Ke5 Qg3+ 0-1

[Event "FRA-ch"]
[Site "Narbonne"]
[Date "1997.08.25"]
[Round "10"]
[White "Degraeve, Jean Marc"]
[Black "Marciano, David"]
[Result "1-0"]
[WhiteElo "2540"]
[BlackElo "2470"]
[Annotator "Tsesarsky,I"]
[PlyCount "77"]
[EventDate "1997.08.15"]
[EventType "tourn"]
[EventRounds "15"]
[EventCountry "FRA"]
[EventCategory "9"]
[SourceTitle "CBM 061"]
[Source "ChessBase"]
[SourceDate "1997.11.23"]
[SourceVersion "1"]
[SourceVersionDate "1997.11.23"]
[SourceQuality "1"]

1. e4 e5 2. Nf3 Nf6 3. Nc3 Nc6 4. Bb5 Nd4 5. Ba4 Bc5 6. Nxe5 O-O 7. Nd3 Bb6 8.
e5 Ne8 9. Nd5 d6 10. Ne3 c6 11. c3 Nf5 (11... Ne6 12. exd6 $5 (12. O-O d5 $5 {
/\ d4~/=} 13. Bc2 f5 $5 14. exf6 Qxf6 15. b3 {[%cal Gc1a3]} d4 16. Nc4 Bc7 (
16... dxc3 17. Ba3 $18) 17. Ba3 b5 (17... Rf7 18. Re1 $16 {[%cal Gc4e5]}) 18.
Nce5 Bxe5 19. Nxe5 Qxe5 20. Bxf8 Nxf8 21. Re1 Qg5 22. Rxe8 Bh3 23. Rxf8+ Rxf8
24. Be4 $16) (12. Bc2 $1 dxe5 (12... Bc7 13. exd6 (13. f4 dxe5 14. fxe5 f6 (
14... Qh4+ 15. g3 Qe4 16. O-O Ng5 17. Nf4 Qxe5 18. d4 Qe7 19. Qh5 Ne4 $132) 15.
O-O fxe5 16. Rxf8+ Nxf8 17. Nf2 Nf6 18. d3 Be6 19. Qe2 Ng6 $11 {1/2-1/2
Hennigan,M-Howell,J/BCF-ch 1994 (55)}) 13... Qxd6 14. Nf5 $1 Qd8 15. O-O Ng5 (
15... Qf6 16. Ng3 Qh4 17. Ne1 Nd6 18. d4 Re8 19. Nf3 $18) (15... Qg5 16. Qf3
Qf6 (16... Nd6 17. Ng3 (17. Nxd6 Bxd6 18. Re1 Re8 19. b4 Bd7 20. Re3 Nf4 21.
Nxf4 Qxf4 22. Qxf4 Bxf4 23. Rxe8+ Rxe8 24. Bb2 (24. Kf1 Bxh2 25. d3 (25. d4 Be6
26. Bd3 Bd5 27. a4 $11) 25... Bf5 26. Bd2 $11 (26. Be3 Be5)) 24... Re2 25. Rd1
Rxd2 26. Rxd2 Bxd2 $11) 17... Qh4 18. Re1 Re8 19. Ne5 Ng5 20. Qh5 Qxh5 21. Nxh5
f6 22. d4 (22. Nd3 Bf5 23. Ng3 Rxe1+ 24. Nxe1 Re8 25. Bb3+ Kf8 26. Kf1 $14)
22... Nh3+ 23. gxh3 fxe5 24. dxe5 Nf7 25. f4 Bxh3 26. Be3 $16) 17. Re1 $16) 16.
Ng3 Nf6 17. Nc5 b6 18. Nb3 Qd5 19. d4 Nh3+ 20. gxh3 (20. Kh1 $2 Ng4 21. Be3
Bxg3 22. Qd3 $8 (22. hxg3 Nf4 $1 $19) 22... Qh5 23. gxh3 Nxe3 (23... Nxh2 24.
fxg3 Nxf1 25. Qxf1 (25. Rxf1 Bxh3 $19) 25... Bxh3 26. Qf2 Bf5+ 27. Kg1 Bxc2 28.
Qxc2 Rae8 $15) 24. Qxe3 Bd6 $44) 20... Bxh3 21. f3 Bxf1 22. Qxf1 $16) 13. Nxe5
Bxe3 14. dxe3 $1 (14. fxe3 Qg5 $132) 14... Qg5 15. Nf3 Qxg2 16. Rg1 Qh3 17. Rg3
Qh5 18. e4 $1 Nf6 19. Qe2 Re8 20. Be3 Nf8 (20... Ng4 $2 21. Nd2) 21. O-O-O $1
$16 {->>> +/- Rodriguez,A-Armas,J/Cuba 1992}) 12... Nxd6 (12... f5 $5) (12...
Qxd6 13. Qe2 Bc7 14. g3 Nf6 15. Bc2 b6 16. b3 Ba6 17. O-O Rfe8 18. Bb2 c5 $44 {
1-0 Hamdouchi,H-Motwani,P/Moscow olm MAR-SCO 1994 (80)}) 13. O-O f5 14. f4 Ne4
(14... g5 $5) 15. Ne5 g5 16. d4 $1 $14 {1/2-1/2 Kindermann,S-Georgiev,K/
Pardubice 1994 (31)}) 12. Bc2 (12. O-O Bc7 13. f4 dxe5 (13... f6 14. Bc2 Qe7
15. exf6 Nxf6 16. Nf2 Nxe3 17. dxe3 Bb6 18. Qf3 Be6 19. Kh1 $14 {1/2-1/2 Anand,
V-Ivanchuk,V/Monaco blind 1995/EXP 46 (27)}) (13... Nxe3 $1 14. dxe3 Bf5 $1 {
/\ 15... Bd3 16. Qd3 de5} 15. exd6 (15. Bc2 $5 Qe7 $1) 15... Nxd6 16. Ne5 $5
$14 {1/2-1/2 Rodriguez,A-Perez,R/Cuba 1992 (48)} (16. Nf2 Re8 17. g4 $5 Be4 18.
Nxe4 Nxe4 19. Qf3 Nd2 $1 $13)) 14. Nxe5 Nxe3 15. dxe3 Qe7 16. Bc2 Nf6 17. e4
Re8 18. Nf3 Nxe4 19. Re1 Bf5 20. Be3 Rad8 21. Nd4 Bg6 $11 {1/2-1/2 Short,
N-Speelman,J/London cm 1991/CAND/[Schussler] (30)}) 12... Bc7 13. Qf3 g6 14. h4
dxe5 (14... Nxh4 $5 15. Qf4 g5 (15... Nf5 16. Nxf5 Bxf5 17. Qh6 g5 18. Nc5 $3
Bxc2 19. d3 $18) 16. Qg3 (16. Qh2 dxe5 $17) 16... dxe5 17. Nxe5 (17. Rxh4 e4 $8
18. Ne5 (18. Nf4 Ng7 19. Bxe4 gxh4 (19... f5 $17) 20. Qf3 f5 21. Bc2 Qd6 22.
Ne2 f4 $17) 18... Bxe5 (18... f6 19. N3g4 $1 Bxg4 20. Qxg4 Bxe5 21. Bxe4 (21.
Qxe4 Rf7 22. Rxh7 f5 $1 23. Qxe5 Rxh7 24. Bb3+ Kf8 25. Qxf5+ Nf6 (25... Kg7 26.
Qf7+ Kh6 27. Qf8+ Ng7 28. Qxd8 Rxd8 29. d4 $14) 26. Kd1 Qe7 27. d3 $14) 21...
Rf7 22. d4 Bd6 23. Rh3 Re7 24. Be3 $16) 19. Qxe5 gxh4 20. Qxe4 f5 $15 (20...
Nf6 21. Qxh4 $132)) 17... Ng7 18. d4 (18. f4 Nh5 19. Qf2 Nxf4 20. Rxh4 Bxe5 21.
Rxh7 f5 22. Rh1 Nd3+ 23. Bxd3 Qxd3 $17) 18... f6 19. Rxh4 gxh4 20. Qxh4 f5 21.
Qh3 $132) 15. h5 Nf6 $6 (15... Qe7 $1 16. hxg6 (16. Nb4 a5 17. hxg6 fxg6 18.
Bb3+ Kh8 19. Nbc2 a4 20. Bc4 Nfd6 $17) 16... fxg6 17. Bb3+ Kh8 18. Qe4 Nf6 19.
Qc4 Bd6 $15) 16. Nc5 Nxe3 17. dxe3 Nxh5 18. g4 $44 e4 $2 (18... Nf6 $2 19. g5
Nh5 (19... Qd5 20. e4 Qxc5 21. gxf6 Re8 22. Be3 Qf8 (22... Qd6 23. Rd1 Qf8 $8
24. Rh6 Kh8 25. Ke2 Be6 26. Rdh1 Qg8 27. R1h4 $18) 23. O-O-O $16) 20. Rxh5 gxh5
21. Qxh5 $16) (18... Qf6 $1 19. Qh3 (19. Qg2 Qg5 20. f3 f5 (20... Ng7 21. Qh2
h5 22. Ne4 Qe7 23. gxh5 Nxh5 24. Qg2 (24. Ng3 e4 25. f4 Bg4 $17) 24... Ng7 25.
Qh2 Nh5) 21. e4 (21. Bxf5 $1 gxf5 (21... Bxf5 $2 22. e4 Nf4 23. Qh2 Qe7 24.
gxf5 gxf5 25. Bxf4 exf4 26. O-O-O $16) 22. Rxh5 Qg6 23. e4 f4 $132) 21... f4 (
21... Nf4 22. Qh2 Qe7 23. gxf5 gxf5 24. Bxf4 exf4 25. O-O-O b6 26. Nd7 Bxd7 27.
Qg1+ Kh8 28. Qd4+ Rf6 29. Qxd7 Re8 30. exf5 $16) 22. Bd2 b6 23. Nd3 Be6 24.
O-O-O Rad8 $17) 19... Qg5 20. f3 (20. Nxb7 Bxg4 $2 21. Qg2 $132) 20... Qe7 21.
Nb3 Be6 $17) 19. Nxe4 (19. Qh3 Re8 20. Nxe4 Qe7 21. Bd2 $132) 19... f5 $8 20.
gxh5 $2 (20. Bb3+ $1 Kg7 (20... Kh8 21. gxh5 fxe4 22. hxg6 $18) 21. gxh5 fxe4
22. Qxe4 Qf6 (22... Re8 23. Qg2 Bf5 24. hxg6 hxg6 25. f3 $16) 23. Qg2 $1 (23.
Qh4 g5 24. Rg1 Kh8 25. Rxg5 Be5 $17 (25... h6 26. Rg8+ Kh7 27. Qxf6 Rxf6 28.
Re8 $18)) 23... g5 24. Rg1 h6 (24... Kh8 25. e4 Bf4 26. Bxf4 Qxf4 27. Qxg5
Qxf2+ 28. Kd1 Bg4+ $8 (28... Qf3+ 29. Kc1 $18) 29. Qxg4 (29. Rxg4 Rad8+ 30. Bd5
Qf1+ $19) 29... Rad8+ 30. Bd5 Qf6 31. Kc2 cxd5 32. Raf1 $18) 25. f4 g4 26. Bd1
Qh4+ 27. Qg3 Qxg3+ 28. Rxg3 Bd8 29. Kf1 Bh4 30. Rg1 g3 31. Rh1 Bf6 32. Kg2 $18)
20... fxe4 21. Qxe4 Qf6 (21... Bf5 22. Qc4+ Qd5 23. Qxd5+ cxd5 24. Bxf5 Rxf5
25. hxg6 hxg6 26. Bd2 Raf8 27. f4 $16) 22. f4 (22. Qg2 Bf5 $2 (22... g5 $1 23.
e4 (23. Rg1 Kh8 24. e4 (24. Bd2 Bh3 $19) 24... Be5 25. Bd2 (25. Bxg5 Bxc3+ 26.
bxc3 Qxc3+ 27. Ke2 Qxc2+ 28. Bd2 Bg4+ 29. Qxg4 Rxf2+ 30. Kxf2 Qxd2+ 31. Kg3 Rg8
$19) 25... Bh3 26. Qxg5 Qxf2+ 27. Kd1 Bg4+ $3 28. Qxg4 Rg8 29. Bg5 Rad8+ 30.
Bxd8 (30. Kc1 Rxg5 31. Qxg5 Bf4+ $19) 30... Rxg4 31. Rxg4 Qf3+ 32. Kd2 Qxg4 $17
) 23... Bf4 24. Bxf4 Qxf4 $132) 23. e4 $18) (22. Qh4 g5 23. Rg1 Kh8 24. Qd4 (
24. Rxg5 h6 $19) 24... Be5 $17) 22... Bf5 23. Qc4+ (23. Bb3+ Kh8 24. Qd4 Rae8
25. hxg6 Bxg6 $44) 23... Kh8 24. Bxf5 $5 (24. e4 b5 $1 (24... Be6 25. Qd4 Qxd4
26. cxd4 gxh5 27. f5 (27. Rxh5 Bxf4 $11) 27... Bf7 28. Bg5 $16) 25. Qd4 Qxd4
26. cxd4 Rae8 27. Kf2 Bxe4 28. Bxe4 Rxe4 29. hxg6 Bxf4 30. Rxh7+ Kg8 31. Rf7
$11) 24... Qxf5 $44 {[%csl Re1]} 25. Bd2 (25. Qd4+ Kg8 26. hxg6 (26. e4 Rae8
$17) 26... Qxg6 27. Kf1 Bb6 28. Qc4+ Kh8 29. Qe2 Rae8 $17) 25... Qg4 26. Qe2 (
26. Qd4+ Kg8 27. Qc4+ Rf7 28. hxg6 Qg3+ 29. Kd1 Qxg6 30. Qf1 Qe4 31. Rg1+ Kh8
32. Qg2 Qd3 33. Qe2 Qd7 34. Kc1 Re8 $44) 26... Qg3+ 27. Qf2 Bxf4 28. hxg6 (28.
exf4 Rae8+ 29. Kf1 Qd3+ 30. Kg1 Re2 31. Qd4+ Qxd4+ 32. cxd4 Rxd2 33. hxg6 Rxf4
(33... h6 34. Rxh6+ Kg7 35. Rh7+ (35. Rh2 Rxd4 (35... Rxh2 36. Kxh2 Rxf4 37.
Kg3 (37. Rg1 Rxd4 38. Rg2 Rd6 $17) 37... Rxd4 38. Re1 Rb4 39. b3 Kxg6 40. Kf3
$15) 36. Rf1 Rdxf4 37. Rxf4 Rxf4 38. Rh7+ Kxg6 39. Rxb7 $11) 35... Kxg6 36.
Rxb7 Rxf4 37. Rc1 $11) 34. Rxh7+ Kg8 35. Rxb7 $11) 28... Qxg6 29. O-O-O $8 Bg3
(29... Be5 $11) 30. Qg2 Rf2 31. Qh3 Rg8 32. Rdg1 Qd3 33. Rd1 Qf5 (33... Re2 34.
Qe6 Qg6 35. Qd7 b5 36. Qxa7 Be5 37. Rde1 Rg2 38. e4 $16) 34. Qh5 Qxh5 35. Rxh5
Rgf8 $2 (35... Rh2 $11) (35... Bc7 36. c4 Rgg2 37. Bc3+ Kg8 38. Rdh1 Rf7 $15)
36. c4 $16 R2f5 $2 (36... h6 $1 37. Rxh6+ Kg7 38. Rdh1 R8f7 $16 (38... Be5 39.
Rh7+ Kg6 40. Rxb7 $18)) (36... Bh2 $2 37. Bb4 $1 R8f5 38. Bc3+ Kg8 39. Rd8+ Rf8
40. Rxf8+ Kxf8 41. Rxh7 $18) 37. Bc3+ Kg8 38. Rd7 Be5 39. Bxe5 1-0

[Event "Villa Martelli"]
[Site "Villa Martelli"]
[Date "1997.06.08"]
[Round "8"]
[White "Spangenberg, Hugo"]
[Black "Tkachiev, Vladislav"]
[Result "0-1"]
[WhiteElo "2550"]
[BlackElo "2630"]
[Annotator "Tsesarsky,I"]
[PlyCount "24"]
[EventDate "1997.06.01"]
[EventType "tourn"]
[EventRounds "11"]
[EventCountry "ARG"]
[EventCategory "13"]
[SourceTitle "CBM 060"]
[Source "ChessBase"]
[SourceDate "1997.09.29"]
[SourceVersion "1"]
[SourceVersionDate "1997.09.29"]
[SourceQuality "1"]

1. e4 e5 2. Nc3 Nf6 3. Nf3 Nc6 4. Bb5 Nd4 5. Bc4 Bc5 6. Nxe5 {[#]} d5 $3 $146 {
-/+ Excelent!} (6... Qe7 7. Nf3 (7. Nd3 d5 8. Nxd5 (8. Bxd5 Nxd5 9. Nxd5 Qxe4+
10. Ne3 Bb6 11. O-O O-O $44) 8... Qxe4+ 9. Ne3 Bb6 10. f3 Qh4+ 11. Nf2 (11. g3
$5 Qh3 12. Nf2 Qh5 $36) 11... O-O 12. O-O $6 (12. g3 Qh5 $44) 12... Nxf3+ $1
13. Qxf3 Bxe3 14. Qxe3 $1 (14. Bxf7+ $6 Rxf7 15. Qxe3 Bd7 {/\Bc6,Re8=/+; /
\Raf8,Ng4->}) 14... Qxc4 $132 {1/2-1/2 Keitlinghaus,L-Blatny,P/Lazne Bohdanec
1995 (30)}) 7... d5 8. Bxd5 Bg4 9. d3 c6 10. Bb3 Nd7 11. Bg5 $16 {1/2-1/2
Bernstein O-Rubinstein A/Vilna 1912 (22)}) 7. Nxd5 (7. Bxd5 Nxd5 8. Nxd5 (8.
exd5 Qg5 $19) 8... Qg5 9. Nxc7+ (9. d3 Qxg2 (9... Qxe5 10. Bf4 $18) 10. Nxc7+ (
10. Rf1 Bh3 11. Ne3 Nxc2+ $1 12. Qxc2 Bxe3 $19) 10... Ke7 (10... Kd8 11. Nxa8
Qxh1+ 12. Kd2 Qg2 $1 (12... Qxh2 13. Nxf7+ Ke7 14. Nxh8 Bg4 15. Qxg4 Qxf2+ 16.
Kd1 Qf1+ 17. Kd2 Qf2+ $11) 13. Nxf7+ (13. Kc3 Be6 14. Be3 Nb5+ 15. Kd2 Bxe3+
16. Kxe3 Qxh2 17. d4 f6 18. Nd3 Ke7 $17) 13... Ke7 14. Nxh8 Bg4 15. Qxg4 Qxg4
$17) (10... Kf8 11. Rf1 Bh3 12. Kd2 (12. Nd7+ Bxd7 13. Be3 Bg4 $19) 12... Rc8
$1 $19) 11. Nd5+ Kf8 12. Rf1 Bh3 13. Ne3 Nxc2+ 14. Qxc2 Bxe3 15. Qe2 Bd4 16.
Nf3 Qxf1+ 17. Qxf1 Bxf1 18. Kxf1 Bb6 $17) 9... Kf8 10. Kf1 Qxe5 11. Nxa8 Qxe4 (
11... Qb8 12. c3 Nc6 (12... Ne6 13. d4 Be7 14. d5 Nc5 15. Qd4 $16) 13. d4 Bd6
14. e5 Be7 15. d5 Nxe5 16. Bf4 Bd6 17. Qh5 f6 18. Bxe5 fxe5 19. Nb6 axb6 20.
Re1 Qc7 $132) 12. d3 Qc6 13. Be3 b6 14. c3 Bb7 15. Rg1 Nf5 16. Bxc5+ bxc5 17.
Qb3 g6 18. Qa3 Kg7 $17) (7. exd5 $1 Qe7 $2 (7... O-O 8. O-O Qd6 (8... Re8 9.
Nf3 Bg4 10. d3 Qd7 11. Bf4 Bxf3 (11... Qf5 12. Nxd4 Qxf4 13. Nde2 Qg5 14. Qc1
Qh4 15. Ng3 $16) 12. gxf3 Qh3 13. Bg3 Nh5 14. Kh1 (14. Ne4 Bd6 $1 15. Ng5 Qf5
16. Ne4 Nf4 $1 (16... Nxf3+ 17. Kg2 Nf4+ 18. Kh1 (18. Kxf3 Nxd3+ $1 19. Kg2
Qxe4+ (19... Nf4+ 20. Bxf4 Qxe4+ 21. Qf3 Bxf4 22. Qxe4 Rxe4 23. Bd3 Re5 24. Kf3
g5 25. c4 Rae8 $15) 20. Qf3 Nxb2 (20... Qxf3+ 21. Kxf3 Nxb2 (21... Bxg3 22.
Bxd3 $11) 22. Bb3 (22. Bb5 Re7 (22... Red8 23. Rab1 Ba3 24. Be5 c6 25. dxc6
bxc6 26. Ba6 $16) 23. Rab1 Ba3 24. Rfe1 Rxe1 25. Rxe1 a6 26. Bf1 c6 (26... Bd6
27. Bxd6 cxd6 28. Rb1 Na4 29. Rxb7 Nc5 30. Rb6 Rd8 31. Bxa6 $16) 27. dxc6 bxc6
28. Bxa6 Rxa6 29. Re8+ Bf8 30. Bd6 h6 31. Rxf8+ Kh7 32. Rxf7 Nc4 $15) 22... b5
$17)) 18... Nxh2 $3 (18... Rxe4 19. dxe4 Qxe4 20. Bd3 Qxd5 21. Bc4 (21. Bxf4
Nd2+ 22. f3 (22. Kg1 Bxf4 $19) 22... Bxf4 23. Rf2 $16) 21... Qc6 22. Bb5 Qe4
23. Bd3 Qc6 $11) 19. Bxh2 Rxe4 20. dxe4 (20. Qf3 Re2 21. Rfe1 Rxc2 22. Re4 g5
$19) 20... Qxe4+ 21. f3 Qxc4 22. b3 Qc3 (22... Qxd5 23. Qxd5 Nxd5 24. Bxd6 cxd6
25. Rfd1 Ne3 26. Rxd6 Nxc2 27. Rc1 $16) 23. Re1 g5 $44) 17. Kh1 (17. Bxf4 Qxf4
18. Ng3 (18. Nxd6 Nxf3+ 19. Kg2 Qg4+ 20. Kh1 Qh3 $19) 18... Re2 $3 $19) (17. c3
Nfe2+ $19) 17... Nfe2 (17... Qh3 18. Rg1) 18. f4 $8 Bxf4 19. Bxf4 (19. c3 Bd6
20. f3 Nxg3+ 21. Nxg3 Bxg3 22. cxd4 $17 {[%csl Rc4,Rd3,Rd4,Rd5,Rh1]} (22. hxg3
Qh3+ 23. Kg1 Ne2+ $19))) 14... Nxg3+ 15. fxg3 Nf5 16. Rg1 Bxg1 $17) 9. Re1 (9.
Nf3 Ng4 10. g3 $8) 9... Re8 10. Nd3 Bg4 11. Rxe8+ Rxe8 12. Qf1 Nxc2 13. Rb1 Bb6
$17) 8. O-O Bf5 9. d3 (9. Re1 Bxc2 10. Nxf7 Bxd1 11. Rxe7+ Kxe7 12. Nxh8 Bh5
$19) 9... O-O-O 10. Re1 Rhe8 11. Bf4 $16) (7. Bd3 O-O $17) 7... Nxd5 8. Qh5 (8.
Bxd5 Qg5 9. Bxf7+ Ke7 10. Bh5 Qxe5 11. O-O (11. c3 Qxe4+ $19) (11. d3 Nxc2+ $1
12. Qxc2 Qxh5 $17) 11... g6 $17) 8... g6 (8... Nxc2+ 9. Kd1 (9. Kf1 g6 $19)
9... g6 $19) 9. Nxg6 Nxc2+ 10. Kf1 (10. Kd1 Nce3+ $3 11. fxe3 (11. Ke2 Nxc4 $19
12. Nxh8 Nf4+) (11. dxe3 Nf6+ $19) 11... Bg4+ $1 12. Qxg4 Nxe3+ 13. Ke2 Nxg4
14. Nxh8 Qd4 $19) 10... Qf6 $1 11. f3 (11. Qe5+ Qxe5 12. Nxe5 Nxa1 $19) (11.
Qe2 Nf4 $19 (11... hxg6 12. exd5+ Kf8 $19)) 11... hxg6 12. Qxd5 Rh5 0-1